000 00531 a2200181 4500
003 OSt
005 20240130100322.0
008 240130b |||||||| |||| 00| 0 eng d
020 _a9788193719169
040 _coclc
082 _a305.42
_bCHE/L
100 _aCherur, Sidheeq Nadwi
_910334
245 _aLinkasamathwam Enna Mithya /
_cSidheeq Nadwi Cherur
250 _a1st ed.
260 _aMalappuram:
_bBook Plus Publishers,
_c2018.
300 _a128p.
942 _2ddc
_cBK
_h305.42
_iCHE/L
_k305.42
_mCHE/L
999 _c43353
_d43353